000 00646nam a2200217 4500
003 OSt
005 20240708010236.0
006 a
008 240708b |||||||| |||| 00| 0 eng d
020 _a0721610838
040 _aDWCL-HMN lib.
_cOC
082 _aCirc. 616 C316p 1986
100 _aCarreiri, Virginia K.
245 _aPathophysiological phenomena in nursing: human responses to illness /
260 _aPhiladelphia :
_bW. B. Saunders Co.,
_cc1986.
300 _axii,
_b436 p. : ill. ;
_c27 cm.
504 _aIncludes index.
650 _a1. Nursing.
650 _a2. Physiology, Pathological.
942 _2ddc
_n0
_cBK-CIRC
_kCirc.
999 _c2059
_d2059